000 00459nam a22001577a 4500
005 20240828065053.0
008 240828b |||||||| |||| 00| 0 eng d
041 _aEnglish/Afrikaans
082 _a349 LAW
100 _lEnglish/Afrikaans
245 _aThe Laws of South West Africa 1988
260 _aWindhoek:
_bBy Authority,
_c1988
300 _b133 pages;
_c25 cm.
650 _aLegal practice
_bLaw
942 _cBK
_6ALISON_BN_VRIES
999 _c2885
_d2885